Countries Linked by Facebook Quiz Stats

 Plays Quiz Updated Oct 13, 2015

Also try: Googling Countries
Challenge
Share
Tweet
Embed
Score 0/150 Timer 07:00
2 Plays Today
Hint Answer % Correct
BahamasUnited States
98.8%
JamaicaUnited States
98.8%
CanadaUnited States
98.8%
PalauUnited States (Guam)
98.7%
Marshall IslandsUnited States (Guam)
98.6%
PalauUnited States
98.6%
Marshall IslandsUnited States
98.5%
BahamasUnited Kingdom (Turks & Caicos)
96.8%
JamaicaUnited Kingdom
96.8%
AustraliaUnited Kingdom
96.8%
BangladeshUnited Kingdom
96.8%
South AfricaUnited Kingdom
96.8%
CanadaUnited Kingdom
96.8%
AustraliaChina
95.4%
JapanChina
95.4%
CanadaChina
95.4%
Cabo VerdeFrance
94.9%
MonacoFrance
94.9%
PortugalFrance
94.9%
VenezuelaSpain
92%
ArgentinaSpain
92%
BrazilSpain
91.9%
EcuadorSpain
91.9%
FijiIndia
91.5%
BangladeshIndia
91.5%
PakistanIndia
91.5%
AustraliaNew Zealand
91.1%
FijiNew Zealand
91.1%
Papua New GuineaNew Zealand
91.1%
United KingdomNew Zealand
91.1%
PortugalBrazil
90.4%
GuyanaCanada
89.3%
BahamasCanada
89.3%
JamaicaCanada
89.3%
IranCanada
89.2%
KyrgyzstanRussia
88.9%
VenezuelaMexico
88.7%
GuatemalaMexico
88.6%
MonacoItaly
86.6%
KyrgyzstanNorway
85.2%
SomaliaNorway
85.2%
SwedenNorway
85.2%
BrazilJapan
84.8%
BrazilArgentina
84.6%
SwedenFinland
82.7%
JapanSouth Korea
81.8%
IranIraq
81.6%
SwedenIraq
81.6%
AustraliaIreland
80.1%
United KingdomIreland
80.1%
Hint Answer % Correct
FijiAustralia
79.9%
Papua New GuineaAustralia
79.9%
United KingdomAustralia
79.9%
CanadaAustralia
79.9%
BangladeshPakistan
79.5%
KyrgyzstanPakistan
79.5%
SudanEgypt
79.5%
BrazilPortugal
78.9%
VenezuelaChile
78.6%
ArgentinaChile
78.6%
United KingdomSouth Africa
76.6%
SwedenDenmark
76.5%
Papua New GuineaIndonesia
73.7%
ArgentinaPeru
73.6%
VenezuelaPeru
73.6%
EcuadorPeru
73.5%
VenezuelaColombia
73.2%
EcuadorColombia
73.2%
EcuadorVenezuela
72.8%
RussiaUkraine
71%
IranSweden
70.2%
SomaliaSweden
70.2%
KyrgyzstanTurkey
68%
RussiaTurkey
68%
GuyanaJamaica
67.1%
BahamasJamaica
67.1%
Antigua & BarbudaJamaica
67%
Marshall IslandsFiji
65.5%
Papua New GuineaFiji
65.4%
BangladeshSaudi Arabia
64.2%
PakistanSaudi Arabia
64.2%
SudanSaudi Arabia
64.1%
Dem. Rep. of the CongoEcuador
63.9%
ArgentinaUruguay
62.1%
Dem. Rep. of the CongoNigeria
61.3%
United KingdomNigeria
61.3%
KyrgyzstanKazakhstan
60.9%
RussiaKazakhstan
60.9%
MonacoSwitzerland
60.9%
PortugalSwitzerland
60.9%
PakistanBangladesh
60.8%
ArgentinaParaguay
60.4%
SudanKenya
60.4%
SomaliaKenya
60.3%
PakistanAfghanistan
58.7%
Marshall IslandsPhilippines
57.8%
PalauPhilippines
57.7%
JapanPhilippines
57.7%
CanadaPhilippines
57.7%
SomaliaEthiopia
57.1%
Hint Answer % Correct
JamaicaBahamas
56.2%
FijiPapua New Guinea
55.9%
JapanMalaysia
55.5%
GuatemalaHonduras
51.6%
PalauTaiwan
51.1%
JapanTaiwan
51.1%
BahamasHaiti
50%
GuatemalaCosta Rica
49.9%
South AfricaDem. Rep. of the Congo
49.8%
RussiaBelarus
49.8%
BrazilDem. Rep. of the Congo
49.8%
EcuadorDem. Rep. of the Congo
49.8%
Antigua & BarbudaGuyana
48.3%
SudanUnited Arab Emirates
47.9%
BangladeshUnited Arab Emirates
47.8%
PakistanUnited Arab Emirates
47.8%
IranUnited Arab Emirates
47.8%
GuatemalaNicaragua
46.7%
Antigua & BarbudaDominica
45.6%
GuatemalaEl Salvador
44.8%
AustraliaSingapore
43.2%
South AfricaZimbabwe
40.9%
PortugalAngola
40.5%
Antigua & BarbudaTrinidad and Tobago
40.2%
Dem. Rep. of the CongoGhana
40.2%
Cabo VerdeGhana
40.2%
GuyanaTrinidad and Tobago
40.2%
JamaicaTrinidad and Tobago
40.2%
GuyanaBarbados
39.8%
South AfricaNamibia
35.9%
Dem. Rep. of the CongoUganda
35.3%
GuyanaAntigua and Barbuda
34.6%
South AfricaBotswana
33.5%
Dem. Rep. of the CongoZambia
33.3%
SudanQatar
33.2%
Antigua & BarbudaSt. Kitts and Nevis
31.1%
MonacoTunisia
30.8%
Cabo VerdeSenegal
30.3%
FijiSolomon Islands
29.5%
Papua New GuineaSolomon Islands
29.5%
PalauMicronesia
27.5%
Marshall IslandsMicronesia
27.4%
RussiaAzerbaijan
27%
PortugalCabo Verde
26.5%
SomaliaDjibouti
24.1%
IranBahrain
23.3%
MonacoSerbia
22.4%
SwedenSerbia
22.4%
Cabo VerdeBenin
19.5%
Cabo VerdeBurkina Faso
13.9%

You're not logged in!

Compare scores with friends on all Sporcle quizzes.
Join for Free
OR
Log In

You Might Also Like...

Show Comments

Extras

Top Quizzes Today


Score Distribution

Your Account Isn't Verified!

In order to create a playlist on Sporcle, you need to verify the email address you used during registration. Go to your Sporcle Settings to finish the process.

Report this User

Report this user for behavior that violates our Community Guidelines.

Details: